[Event "European Blitz 2016"]
[Site "Tallinn EST"]
[Date "2016.12.18"]
[Round "20.15"]
[White "Munoz, Miguel"]
[Black "Potkin, Vladimir"]
[Result "1-0"]
[WhiteTitle "GM"]
[BlackTitle "GM"]
[WhiteElo "2473"]
[BlackElo "2597"]
[WhiteFideId "3800229"]
[BlackFideId "4131061"]
[EventDate "2016.12.17"]

1. e4 e6 2. d4 d5 3. Nd2 c5 4. dxc5 Bxc5 5. Bd3 Nc6 6. Ngf3 Nf6 7. Qe2 Qc7 8.
O-O O-O 9. c4 h6 10. b3 Nh5 11. g3 Nb4 12. Bb1 Nxg3 13. hxg3 Qxg3+ 14. Kh1 Qh3+
15. Nh2 Bd4 16. a3 Bxa1 17. axb4 f5 18. exf5 exf5 19. Qd3 Qxd3 20. Bxd3 Be6 21.
Ndf3 Bc3 22. Bd2 Bxd2 23. Nxd2 dxc4 24. Bxc4 Bxc4 25. bxc4 Rfd8 26. Ndf3 Rac8
27. c5 b6 28. Ra1 bxc5 29. bxc5 Rxc5 30. Rxa7 Rd3 31. Kg2 g5 32. Ra8+ Kg7 33.
Ra7+ Kg6 34. Ra6+ Kh5 35. Nf1 f4 36. Re6 Rcd5 37. Ne5 Rd6 38. Re7 R3d5 39. Nh2
Rf6 40. Nhg4 Rf5 41. Kf3 Rd6 42. Ke4 Rf8 43. f3 Ra6 44. Rh7 Kh4 45. Nxh6 Kg3 46.
Nf5+ Rxf5 47. Kxf5 Ra5 48. Rg7 Kh4 49. Rg8 Rb5 50. Rc8 Kg3 51. Rc3 Ra5 52. Rd3
Rb5 53. Ra3 Rc5 1-0

[Event "European Blitz 2016"]
[Site "Tallinn EST"]
[Date "2016.12.18"]
[Round "20.16"]
[White "Marin, Mihail"]
[Black "Kozul, Zdenko"]
[Result "1-0"]
[WhiteTitle "GM"]
[BlackTitle "GM"]
[WhiteElo "2539"]
[BlackElo "2613"]
[WhiteFideId "1200020"]
[BlackFideId "14502879"]
[EventDate "2016.12.17"]

1. Nf3 Nf6 2. c4 g6 3. b3 Bg7 4. Bb2 O-O 5. g3 c6 6. Bg2 d5 7. O-O Bg4 8. d3
Bxf3 9. Bxf3 e6 10. Nd2 a5 11. a3 Nbd7 12. Qc2 Ne8 13. d4 f5 14. e3 h5 15. b4 h4
16. b5 hxg3 17. hxg3 Nd6 18. a4 Rf7 19. bxc6 bxc6 20. cxd5 cxd5 21. Qc6 Bf8 22.
Ba3 Rc8 23. Qa6 Ne4 24. Nxe4 dxe4 25. Be2 Bxa3 26. Rxa3 Nf8 27. Rb1 Rc2 28. Bd1
Rd2 29. Rc3 Kg7 30. Rc8 Qe7 31. Rc2 Rxc2 32. Bxc2 Qc7 33. Bb3 Re7 34. Qc4 Qd6
35. Rc1 Nh7 36. Qc5 Qxc5 37. dxc5 Ng5 38. c6 Rc7 39. Rc5 Kf6 40. Kf1 Ke7 41.
Rxa5 Rxc6 42. Rb5 Rc1+ 43. Ke2 Nf3 44. Bd1 Ra1 45. a5 Ra2+ 46. Kf1 Nd2+ 47. Kg2
Nc4 48. Bb3 Nxe3+ 49. Kh3 Rxf2 50. Rb6 Kf6 51. Rxe6+ Kg5 52. g4 Nxg4 1-0

[Event "European Blitz 2016"]
[Site "Tallinn EST"]
[Date "2016.12.18"]
[Round "20.17"]
[White "Zelbel, Patrick"]
[Black "Kobalia, Mikhail"]
[Result "1/2-1/2"]
[WhiteTitle "IM"]
[BlackTitle "GM"]
[WhiteElo "2448"]
[BlackElo "2628"]
[WhiteFideId "24624322"]
[BlackFideId "4119150"]
[EventDate "2016.12.17"]

1. e4 e5 2. f4 exf4 3. Nf3 Ne7 4. Bc4 d5 5. exd5 Nxd5 6. O-O Be6 7. Bb3 Be7 8.
c4 Nb6 9. d4 Nxc4 10. Qe2 Ne3 11. Bxe3 fxe3 12. Bxe6 fxe6 13. Qxe3 Qd6 14. Ne5
Bf6 15. Nc3 Nc6 16. Nb5 Qe7 17. Nxc6 bxc6 18. Nxc7+ Qxc7 19. Qxe6+ Kf8 20. Rxf6+
gxf6 21. Qxf6+ Kg8 22. Rf1 Re8 23. Rf3 Qg7 24. Rg3 Qxg3 25. hxg3 h5 26. Qg6+ Kf8
27. Qf6+ Kg8 28. Qxc6 Kg7 29. Qb7+ Kg6 30. Qxa7 Rd8 31. Qc5 Kf6 32. Qe5+ Kf7 33.
a4 Rhe8 34. Qxh5+ Ke6 35. Qg6+ Kd5 36. g4 Kxd4 37. a5 Kc5 38. Qb6+ Kc4 39. a6
Rd1+ 40. Kh2 Rh8+ 41. Kg3 Rd3+ 42. Kf4 Rd4+ 43. Kg3 Rd3+ 44. Kf4 Rd4+ 45. Kg3
Rd3+ 46. Kf4 1/2-1/2

[Event "European Blitz 2016"]
[Site "Tallinn EST"]
[Date "2016.12.18"]
[Round "20.18"]
[White "Grandelius, Nils"]
[Black "Sychev, Klementy"]
[Result "0-1"]
[WhiteTitle "GM"]
[BlackTitle "IM"]
[WhiteElo "2643"]
[BlackElo "2453"]
[WhiteFideId "1710400"]
[BlackFideId "4114060"]
[EventDate "2016.12.17"]

1. d4 Nf6 2. Nc3 d5 3. Bf4 c5 4. e4 Nxe4 5. Bb5+ Nc6 6. Nxe4 dxe4 7. Ne2 e6 8.
O-O a6 9. Bxc6+ bxc6 10. dxc5 Bxc5 11. Qxd8+ Kxd8 12. Nc3 f5 13. Rad1+ Ke7 14.
Na4 Ba7 15. Bg5+ Kf7 16. Rd6 Bb8 17. Rd4 e5 18. Rc4 Be6 19. Rc3 f4 20. Rd1 h6
21. Bd8 Ba7 22. Bb6 Bxb6 23. Nxb6 Rad8 24. Re1 Rd4 25. Rc5 Rb8 26. Rxc6 Rbd8 27.
Kf1 f3 28. Rc3 R8d6 29. Na8 Bc4+ 30. Kg1 Rd1 31. Re3 Rxe1+ 32. Rxe1 Rd2 33. Nb6
e3 34. Nxc4 exf2+ 35. Kf1 0-1

[Event "European Blitz 2016"]
[Site "Tallinn EST"]
[Date "2016.12.18"]
[Round "20.19"]
[White "Martinovic, Sasa"]
[Black "Chigaev, Maksim"]
[Result "1-0"]
[WhiteTitle "GM"]
[BlackTitle "GM"]
[WhiteElo "2550"]
[BlackElo "2531"]
[WhiteFideId "14509792"]
[BlackFideId "4108116"]
[EventDate "2016.12.17"]

1. d4 g6 2. c4 Bg7 3. e4 d6 4. Nc3 Nc6 5. Nge2 e5 6. d5 Nce7 7. h4 h5 8. Ng3 Bh6
9. Be2 Bxc1 10. Qxc1 Nf6 11. f4 exf4 12. Qxf4 Nd7 13. O-O-O Ne5 14. Qf6 Rf8 15.
Rhf1 Bg4 16. c5 Bxe2 17. Ngxe2 Ng8 18. Qf4 Qe7 19. c6 b6 20. Nd4 a6 21. Kb1 Ng4
22. g3 Qe5 23. Rfe1 N8h6 24. Nf3 Qxf4 25. gxf4 O-O-O 26. Ng5 Rde8 27. b4 Ng8 28.
Nh7 N8f6 29. Nxf8 Rxf8 30. e5 Ne8 31. Rd2 Kd8 32. Rde2 Nh6 33. Ne4 Nf5 34. Nf6
Nxf6 35. exf6 Rh8 36. Re7 Nxe7 37. Rxe7 Re8 38. Rd7+ Kc8 39. Rxf7 Re1+ 40. Kc2
Kb8 41. Re7 Rf1 42. f7 1-0

[Event "European Blitz 2016"]
[Site "Tallinn EST"]
[Date "2016.12.18"]
[Round "20.20"]
[White "Jovanovic, Zoran"]
[Black "Luch, Michal"]
[Result "1-0"]
[WhiteTitle "GM"]
[BlackTitle "IM"]
[WhiteElo "2534"]
[BlackElo "2433"]
[WhiteFideId "14505320"]
[BlackFideId "1120042"]
[EventDate "2016.12.17"]

1. e4 Nf6 2. e5 Nd5 3. d4 d6 4. Nf3 dxe5 5. Nxe5 c6 6. Bd3 Nd7 7. O-O Nxe5 8.
dxe5 g6 9. Qe2 Bg7 10. a3 O-O 11. Rd1 Qc7 12. c4 Nb6 13. Bf4 Be6 14. Nc3 Nd7 15.
Re1 Nc5 16. Bc2 a5 17. b3 Rfd8 18. Qe3 Nd7 19. h4 Qb6 20. Qg3 h5 21. Ne4 Bf5 22.
e6 fxe6 23. Rac1 Rf8 24. Ng5 Bxc2 25. Rxc2 e5 26. Bc1 Nc5 27. Rc3 Qd8 28. Be3 b6
29. Bxc5 bxc5 30. Ne6 Qd2 31. Rce3 Rf6 32. Nxg7 Kxg7 33. Rxe5 Raf8 34. Rxe7+
R8f7 35. Rxf7+ Rxf7 36. Qe3 Qxe3 37. Rxe3 Rb7 38. a4 Kf6 39. Kf1 Rb8 40. Ke2 Rb7
41. f3 Rb8 42. Kf2 Rb7 43. g4 hxg4 44. fxg4 Rb8 45. Kg3 Rb7 46. g5+ Kf7 47. Kg4
Rd7 48. Rf3+ Kg7 49. Rf6 Rd4+ 50. Kg3 Rd3+ 51. Kf4 Rxb3 52. Rxc6 Rb4 53. Rxc5
Rxa4 54. Rc7+ Kg8 55. Ke5 Rb4 56. c5 Rxh4 57. Kf6 Rf4+ 58. Kxg6 Rf8 59. c6 a4
60. Rg7+ Kh8 61. c7 a3 62. Rd7 Rg8+ 63. Kh6 a2 64. Rh7# 1-0

[Event "European Blitz 2016"]
[Site "Tallinn EST"]
[Date "2016.12.18"]
[Round "20.21"]
[White "Sarana, Alexey"]
[Black "Motylev, Alexander"]
[Result "0-1"]
[WhiteTitle "IM"]
[BlackTitle "GM"]
[WhiteElo "2457"]
[BlackElo "2663"]
[WhiteFideId "24133795"]
[BlackFideId "4121830"]
[EventDate "2016.12.17"]

1. d4 d5 2. c4 c6 3. Nf3 Nf6 4. Nc3 e6 5. Bg5 h6 6. Bh4 dxc4 7. e4 g5 8. Bg3 b5
9. Be2 Bg7 10. Qc2 O-O 11. Rd1 Na6 12. a3 b4 13. axb4 Nxb4 14. Qa4 Nd3+ 15. Bxd3
cxd3 16. Ne5 Qb6 17. Nxd3 Rd8 18. Be5 Ne8 19. O-O Ba6 20. Ne2 Bxe5 21. Nxe5 Bxe2
22. Nxc6 Bxf1 23. Nxd8 Bb5 0-1

[Event "European Blitz 2016"]
[Site "Tallinn EST"]
[Date "2016.12.18"]
[Round "20.22"]
[White "Bartel, Mateusz"]
[Black "Kantans, Toms"]
[Result "1-0"]
[WhiteTitle "GM"]
[BlackTitle "IM"]
[WhiteElo "2641"]
[BlackElo "2454"]
[WhiteFideId "1112635"]
[BlackFideId "11602945"]
[EventDate "2016.12.17"]

1. g3 Nf6 2. Bg2 g6 3. e4 d6 4. d4 Bg7 5. Nc3 O-O 6. Nge2 c5 7. O-O cxd4 8. Nxd4
Nc6 9. Nde2 Bd7 10. h3 Rc8 11. Bg5 Re8 12. a4 Ne5 13. b3 Qa5 14. Bd2 Qc7 15. Kh2
Bc6 16. Be3 a6 17. a5 Ned7 18. Ra3 e6 19. b4 d5 20. exd5 exd5 21. Bf4 Qd8 22.
Nd4 Ne5 23. Bxe5 Rxe5 24. Nce2 Ne4 25. Nf4 Qd6 26. c3 Re7 27. Qd3 Bd7 28. Kg1 h5
29. h4 Be8 30. Rd1 Rec7 31. Nde2 Bb5 32. Qxd5 Bxe2 33. Qxd6 Nxd6 34. Rxd6 Bb5
35. Nd5 Bf8 36. Nxc7 Bxd6 37. Nxb5 axb5 38. Bxb7 1-0

[Event "European Blitz 2016"]
[Site "Tallinn EST"]
[Date "2016.12.18"]
[Round "20.23"]
[White "Turov, Maxim"]
[Black "Skytte, Rasmus"]
[Result "1/2-1/2"]
[WhiteTitle "GM"]
[BlackTitle "IM"]
[WhiteElo "2594"]
[BlackElo "2390"]
[WhiteFideId "4120086"]
[BlackFideId "1404210"]
[EventDate "2016.12.17"]

1. d4 g6 2. c4 Bg7 3. Nc3 e6 4. e4 Ne7 5. Bg5 h6 6. Be3 d5 7. f3 c5 8. cxd5 exd5
9. Bb5+ Nbc6 10. Nge2 O-O 11. O-O dxe4 12. dxc5 exf3 13. Qxd8 Rxd8 14. gxf3 Nf5
15. Bf2 Ncd4 16. Nxd4 Nxd4 17. Rfd1 Be6 18. Kg2 Rac8 19. Bxd4 Bxd4 20. Ne4 Bxb2
21. Rxd8+ Rxd8 22. Rb1 Be5 23. Ba4 f5 24. Nd6 Bxd6 25. cxd6 Rxd6 26. Rxb7 Rd2+
27. Kg1 Rxa2 28. Rxa7 h5 29. Ra6 Kg7 30. Rxe6 Rxa4 31. Kg2 Kh6 32. Kg3 h4+ 33.
Kh3 Kg5 34. Rb6 Ra3 35. Kg2 Ra2+ 36. Kh3 Rf2 37. Rb3 Kf4 38. Rb6 g5 39. Rb4+
Kxf3 40. Rb3+ Kf4 41. Rb4+ Ke5 42. Rb5+ Kf6 43. Rb6+ Kg7 44. Rg6+ Kxg6 1/2-1/2

[Event "European Blitz 2016"]
[Site "Tallinn EST"]
[Date "2016.12.18"]
[Round "20.24"]
[White "Naiditsch, Arkadij"]
[Black "Shkapenko, Pavel"]
[Result "1-0"]
[WhiteTitle "GM"]
[BlackTitle "IM"]
[WhiteElo "2687"]
[BlackElo "2425"]
[WhiteFideId "4650891"]
[BlackFideId "4151933"]
[EventDate "2016.12.17"]

1. e4 e5 2. Nf3 Nc6 3. Nc3 Nf6 4. Bb5 Nd4 5. Bc4 Bc5 6. d3 d6 7. Na4 Bg4 8. Nxc5
dxc5 9. c3 Nxf3+ 10. gxf3 Be6 11. Bxe6 fxe6 12. Be3 Qd6 13. Qa4+ Nd7 14. O-O-O
a6 15. d4 b5 16. Qc2 Qc6 17. d5 exd5 18. Rxd5 O-O 19. Rhd1 Nb6 20. Rxc5 Qe6 21.
Rxc7 Rxf3 22. Bxb6 Qxb6 23. Rdd7 Qh6+ 24. Kb1 Raf8 25. a4 Rxf2 26. Qb3+ Kh8 27.
Rxg7 Qxg7 28. Rxg7 Kxg7 29. axb5 Rb8 30. Qd1 Rg2 31. Qf1 Rg6 32. bxa6 Rgb6 33.
b4 Ra8 34. Qg1+ 1-0

[Event "European Blitz 2016"]
[Site "Tallinn EST"]
[Date "2016.12.18"]
[Round "20.25"]
[White "Jankovic, Alojzije"]
[Black "Maier, Christian"]
[Result "1-0"]
[WhiteTitle "GM"]
[BlackTitle "IM"]
[WhiteElo "2591"]
[BlackElo "2390"]
[WhiteFideId "14505959"]
[BlackFideId "4601955"]
[EventDate "2016.12.17"]

1. d4 Nf6 2. Nf3 e6 3. c4 c5 4. d5 exd5 5. cxd5 d6 6. Nc3 g6 7. Nd2 Bg7 8. Nc4
O-O 9. Bf4 Na6 10. e3 Ne8 11. Be2 Nac7 12. a4 b6 13. O-O Ba6 14. Na3 Bb7 15. e4
Qe7 16. Bf3 Nf6 17. e5 dxe5 18. d6 Qd7 19. Bxb7 Qe7 1-0

[Event "European Blitz 2016"]
[Site "Tallinn EST"]
[Date "2016.12.18"]
[Round "20.26"]
[White "Lobanov, Sergei"]
[Black "Neiksans, Arturs"]
[Result "0-1"]
[BlackTitle "GM"]
[WhiteElo "2429"]
[BlackElo "2631"]
[WhiteFideId "24183750"]
[BlackFideId "11601388"]
[EventDate "2016.12.17"]

1. e4 c5 2. Nf3 e6 3. d4 cxd4 4. Nxd4 Nc6 5. Nc3 Qc7 6. Be2 a6 7. Be3 Nf6 8. O-O
Bb4 9. Nxc6 bxc6 10. Qd4 c5 11. Qc4 O-O 12. Na4 a5 13. Qd3 d5 14. exd5 exd5 15.
a3 c4 16. Qd4 Bd6 17. Qh4 Rb8 18. Bd4 Be5 19. Bf3 Bf5 20. Nc3 Bxc2 21. Nxd5 Nxd5
22. Bxd5 Bxd4 23. Qxd4 Bd3 24. Rfe1 Rfd8 25. Re5 h6 26. Rae1 Qb6 27. Qf4 Qf6 28.
Qd4 Rd6 29. Re8+ Rxe8 30. Rxe8+ Kh7 31. Qxf6 gxf6 32. Bxf7 Rb6 33. f3 Rxb2 34.
Rc8 Rc2 35. a4 f5 36. Rc5 c3 37. Bb3 Rc1+ 38. Kf2 f4 39. g3 c2 40. Bxc2 Rxc2+ 0-1

[Event "European Blitz 2016"]
[Site "Tallinn EST"]
[Date "2016.12.18"]
[Round "20.27"]
[White "Troyke, Christian"]
[Black "Halkias, Stelios"]
[Result "0-1"]
[WhiteTitle "IM"]
[BlackTitle "GM"]
[WhiteElo "2347"]
[BlackElo "2585"]
[WhiteFideId "4616278"]
[BlackFideId "4201809"]
[EventDate "2016.12.17"]

1. g3 f5 2. Bg2 Nf6 3. c4 g6 4. Nc3 Bg7 5. e3 d6 6. Nge2 e5 7. d4 O-O 8. O-O e4
9. f3 exf3 10. Bxf3 Nc6 11. Nf4 Kh8 12. Qd3 Re8 13. b3 Bd7 14. Bb2 Nb4 15. Qd2
c6 16. d5 c5 17. Rae1 Ne4 18. Nxe4 fxe4 19. Bg2 Qe7 20. a3 Na6 21. Ne6 Bxe6 22.
Bxg7+ Qxg7 23. dxe6 Rxe6 24. Qd5 Rae8 25. Bh3 Nc7 26. Qxb7 R6e7 27. Qc6 Qe5 28.
Rf4 Qc3 29. Re2 Rd8 30. Rxe4 Qc1+ 31. Kg2 Rf8 32. Rf4 Rfe8 33. Qxd6 Ne6 34. Qe5+
Ng7 35. Qxc5 Nh5 36. Rf8+ Rxf8 0-1

[Event "European Blitz 2016"]
[Site "Tallinn EST"]
[Date "2016.12.18"]
[Round "20.28"]
[White "Jussupow, Artur"]
[Black "Narmontas, Matas"]
[Result "0-1"]
[WhiteTitle "GM"]
[BlackTitle "IM"]
[WhiteElo "2585"]
[BlackElo "2411"]
[WhiteFideId "4618777"]
[BlackFideId "12802204"]
[EventDate "2016.12.17"]

1. d4 d5 2. Nf3 c6 3. e3 Bg4 4. Bd3 Nd7 5. h3 Bh5 6. Nbd2 e5 7. e4 exd4 8. exd5
cxd5 9. O-O Ngf6 10. Re1+ Be7 11. Qe2 Nc5 12. g4 Bg6 13. Nxd4 Nfe4 14. Nxe4 dxe4
15. Bb5+ Kf8 16. b4 Qxd4 17. Be3 Qxb4 18. Rab1 Qa5 19. Qc4 Ne6 20. Bd7 Qa6 21.
Bxe6 Qxe6 22. Qxe6 fxe6 23. Rxb7 Kf7 24. Bc5 Rhe8 25. Rd1 Kf8 26. Rxe7 Rxe7 27.
Rd7 Re8 28. Rxa7 Kf7 29. Bxe7 Rxe7 30. Ra4 Rc7 31. c4 Ke7 32. Kf1 Be8 33. Rb4
Ra7 34. Rb2 Kd6 35. Ke2 Kc5 36. Ke3 Bc6 37. Rc2 Ra3+ 38. Kf4 Rxh3 39. Ke5 Rh4
40. Kxe6 Rxg4 41. a4 Bxa4 42. Ra2 Bc6 43. Ra7 Rg6+ 44. Kf5 Rf6+ 45. Ke5 Rxf2 46.
Ra5+ Kxc4 47. Ra7 e3 48. Rc7 Kb5 49. Rxg7 e2 50. Kd4 0-1

[Event "European Blitz 2016"]
[Site "Tallinn EST"]
[Date "2016.12.18"]
[Round "20.29"]
[White "Meskovs, Nikita"]
[Black "Tregubov, Pavel V."]
[Result "1-0"]
[WhiteTitle "IM"]
[BlackTitle "GM"]
[WhiteElo "2489"]
[BlackElo "2585"]
[WhiteFideId "11602740"]
[BlackFideId "4115341"]
[EventDate "2016.12.17"]

1. d4 Nf6 2. c4 Nc6 3. Nf3 e6 4. e3 d6 5. Bd3 g6 6. Nc3 Bg7 7. Rb1 a5 8. a3 e5
9. h3 O-O 10. O-O Re8 11. Bc2 exd4 12. exd4 Ne7 13. Re1 Bf5 14. Bg5 h6 15. Bxf5
Nxf5 16. Rxe8+ Qxe8 17. Bxf6 Bxf6 18. Nd5 Bd8 19. Qd2 c6 20. Re1 Qf8 21. Nc3 Bf6
22. Ne4 Bg7 23. g4 Ne7 24. Nxd6 Rb8 25. Qe3 Nc8 26. Ne8 Nb6 27. Nxg7 Qxg7 28.
Qb3 Nd7 29. Re7 Nf8 30. Rxb7 Re8 31. Ne5 Qf6 32. Rxf7 Qd6 33. Qb7 Ne6 34. Rf6
Re7 35. Rxg6+ Kh7 36. Qxc6 1-0

[Event "European Blitz 2016"]
[Site "Tallinn EST"]
[Date "2016.12.18"]
[Round "20.30"]
[White "Zubritskiy, Artyom"]
[Black "Ahvenjarvi, Jani"]
[Result "1-0"]
[WhiteTitle "IM"]
[BlackTitle "FM"]
[WhiteElo "2442"]
[BlackElo "2317"]
[WhiteFideId "4181247"]
[BlackFideId "507571"]
[EventDate "2016.12.17"]

1. d4 d5 2. Nf3 Nf6 3. c4 c6 4. Qc2 e6 5. e3 Nbd7 6. b3 Bd6 7. Bb2 O-O 8. Nbd2
Qe7 9. Ne5 Ba3 10. Bxa3 Qxa3 11. Bd3 a5 12. Rb1 h6 13. f4 c5 14. O-O cxd4 15.
exd4 b6 16. Rf3 Bb7 17. b4 axb4 18. Bh7+ Nxh7 19. Rxa3 Rxa3 20. Nxd7 Rd8 21.
Nxb6 Rc3 22. Qb2 dxc4 23. Nbxc4 Rd3 24. Qxb4 Bd5 25. Ne5 Re3 26. Kf2 f6 27. Kxe3
fxe5 28. dxe5 Bxa2 29. Ra1 Bd5 30. Ra7 Re8 31. Ne4 Nf8 32. Nd6 Rd8 33. Qa5 Rb8
34. Qc7 Rb3+ 35. Kd2 Rb2+ 36. Kc1 Rc2+ 37. Kxc2 1-0

[Event "European Blitz 2016"]
[Site "Tallinn EST"]
[Date "2016.12.18"]
[Round "20.31"]
[White "Karttunen, Mika"]
[Black "Hartikainen, Markku"]
[Result "1-0"]
[WhiteTitle "IM"]
[BlackTitle "FM"]
[WhiteElo "2455"]
[BlackElo "2300"]
[WhiteFideId "502081"]
[BlackFideId "501417"]
[EventDate "2016.12.17"]

1. d4 Nf6 2. Bg5 c5 3. d5 Ne4 4. Bc1 e6 5. Nf3 d6 6. c4 Be7 7. Qc2 Qa5+ 8. Nbd2
Nf6 9. e4 O-O 10. Bd3 a6 11. O-O e5 12. a3 Nbd7 13. b4 Qc7 14. Nb3 b6 15. Bd2
Nh5 16. a4 Nf4 17. a5 cxb4 18. Bxb4 Nc5 19. axb6 Qxb6 20. Bxc5 dxc5 21. Rfb1 Qg6
22. Bf1 Bd6 23. Na5 Bg4 24. Ra3 f5 25. Nh4 Qh5 26. Nxf5 Rxf5 27. exf5 Bxf5 28.
Qa2 Bxb1 29. Qxb1 e4 30. h3 Re8 31. Nb7 Be5 32. Nxc5 Qg5 33. Nxe4 Qf5 34. Re3
Bd4 35. Nf6+ Qxf6 36. Rxe8+ Kf7 37. Qe4 Nxh3+ 38. Kh2 Nxf2 39. Qe6+ Qxe6 40.
Rxe6 Ng4+ 41. Kg3 Ne3 42. Bd3 Nd1 43. Rxa6 Be5+ 44. Kf3 Nb2 45. Ke4 Nxd3 46.
Kxd3 h5 47. Ke4 Bg3 48. Kf5 g6+ 49. Rxg6 h4 50. Rh6 Ke7 51. c5 1-0

[Event "European Blitz 2016"]
[Site "Tallinn EST"]
[Date "2016.12.18"]
[Round "20.32"]
[White "Kazakovskiy, Valeriy"]
[Black "Reprintsev, Alexander"]
[Result "1/2-1/2"]
[WhiteTitle "IM"]
[BlackTitle "IM"]
[WhiteElo "2430"]
[BlackElo "2321"]
[WhiteFideId "13507443"]
[BlackFideId "14100541"]
[EventDate "2016.12.17"]

1. d4 d5 2. c4 dxc4 3. Qa4+ Nc6 4. Nf3 a6 5. Qxc4 Be6 6. Qd3 Nb4 7. Qd2 Nxa2 8.
Nc3 Nxc3 9. bxc3 Nf6 10. Ba3 g6 11. e3 Bg7 12. Be2 O-O 13. O-O Ne4 14. Qb2 b6
15. c4 c5 16. Rfd1 Qc7 17. Rac1 Rfd8 18. Qb1 Bf5 19. Bd3 Nd6 20. h3 Bxd3 21.
Qxd3 cxd4 22. exd4 Nf5 23. Qe4 Rac8 24. c5 bxc5 25. Bxc5 e6 26. Rb1 Qc6 27. Qe2
Ra8 28. Rb6 Qa4 29. Rb4 Qd7 30. Ra1 a5 31. Rba4 Qd5 32. g4 Nd6 33. Bb6 Rdc8 34.
Bxa5 Qe4 35. Qxe4 Nxe4 36. Be1 Rxa4 37. Rxa4 h6 38. Kg2 Rc1 39. Ra8+ Kh7 40. Ra4
g5 41. Bd2 Rd1 42. Be3 Rb1 43. Ra7 Kg6 44. h4 gxh4 45. Nxh4+ Kf6 46. Nf3 Kg6 47.
Nh4+ Kf6 48. Nf3 Kg6 49. Rc7 Rb5 50. Bf4 Rd5 51. Nh4+ Kf6 52. Be5+ Kg5 53. Nf3+
Kg6 54. Nh4+ Kg5 55. Bxg7 Kxh4 56. Rxf7 Ng5 57. Rf8 Kxg4 58. f3+ Kh5 59. Be5 Ra5
60. Rf6 Ra1 61. Bf4 Rd1 62. Bxg5 hxg5 63. Rxe6 Rxd4 1/2-1/2

[Event "European Blitz 2016"]
[Site "Tallinn EST"]
[Date "2016.12.18"]
[Round "21.1"]
[White "Andreikin, Dmitry"]
[Black "Vallejo Pons, Francisco"]
[Result "1/2-1/2"]
[WhiteTitle "GM"]
[BlackTitle "GM"]
[WhiteElo "2737"]
[BlackElo "2711"]
[WhiteFideId "4158814"]
[BlackFideId "2205530"]
[EventDate "2016.12.17"]

1. d4 e6 2. Nf3 f5 3. c4 Nf6 4. g3 d5 5. Bg2 Bd6 6. O-O O-O 7. b3 b6 8. Ba3 Bb7
9. cxd5 Nxd5 10. Qd2 Qe7 11. Bxd6 cxd6 12. Rc1 Nd7 13. Nc3 Nxc3 14. Rxc3 Nf6 15.
Qb2 Ne4 16. Rc2 Rfc8 17. Rac1 Qd7 18. Ne1 Rxc2 19. Rxc2 Rc8 20. Nd3 Kf7 21. Bf3
a5 22. Qc1 Rxc2 23. Qxc2 Nf6 24. Bxb7 Qxb7 25. Nb2 b5 26. a4 bxa4 27. bxa4 Qb4
28. e3 Ne4 29. Kg2 Qc3 30. Qxc3 Nxc3 31. Nc4 Ke7 32. Nxa5 Nxa4 1/2-1/2

[Event "European Blitz 2016"]
[Site "Tallinn EST"]
[Date "2016.12.18"]
[Round "21.2"]
[White "Mamedov, Rauf"]
[Black "Leko, Peter"]
[Result "1/2-1/2"]
[WhiteTitle "GM"]
[BlackTitle "GM"]
[WhiteElo "2688"]
[BlackElo "2693"]
[WhiteFideId "13401653"]
[BlackFideId "703303"]
[EventDate "2016.12.17"]

1. e4 e5 2. Bc4 Nc6 3. Nf3 Bc5 4. c3 Nf6 5. d3 a6 6. a4 d6 7. Bg5 h6 8. Bh4 Ba7
9. Nbd2 g5 10. Bg3 O-O 11. O-O Nh7 12. Ne1 Kg7 13. Nc2 f5 14. exf5 Bxf5 15. Ne3
Bg6 16. Re1 Nf6 17. b4 Qd7 18. b5 Ne7 19. bxa6 bxa6 20. Ne4 Nh5 21. Rb1 Nxg3 22.
Nxg3 Rf4 23. Nh5+ Bxh5 24. Qxh5 Raf8 25. Kh1 a5 26. d4 exd4 27. cxd4 Bxd4 28.
Bb5 c6 29. Bd3 Rh4 30. Qe2 Be5 31. g3 Qh3 32. Nf1 Rxa4 33. Rb7 Rf7 34. Bc4 Nd5
35. Rxf7+ Kxf7 36. Ne3 Kg7 1/2-1/2

[Event "European Blitz 2016"]
[Site "Tallinn EST"]
[Date "2016.12.18"]
[Round "21.3"]
[White "Vitiugov, Nikita"]
[Black "Movsesian, Sergei"]
[Result "1/2-1/2"]
[WhiteTitle "GM"]
[BlackTitle "GM"]
[WhiteElo "2726"]
[BlackElo "2673"]
[WhiteFideId "4152956"]
[BlackFideId "310204"]
[EventDate "2016.12.17"]

1. d4 Nf6 2. Bg5 d5 3. e3 e6 4. Nf3 c5 5. Nbd2 Be7 6. c3 Nbd7 7. Bd3 h6 8. Bh4
b6 9. O-O Bb7 10. a4 O-O 11. a5 c4 12. Bc2 b5 13. a6 Bc6 14. Ne5 Nxe5 15. dxe5
Nd7 16. Bxe7 Qxe7 17. f4 f6 18. Nf3 fxe5 19. fxe5 Qc5 20. Qd2 Rab8 21. Nd4 Rxf1+
22. Rxf1 Nxe5 23. Nxe6 Qd6 24. Nd4 Bd7 25. Bf5 Rf8 26. Rf4 Rf6 27. Bxd7 Nxd7 28.
Nxb5 Qc5 29. Rxf6 Nxf6 30. Nd4 Qa5 31. h3 Qa1+ 32. Kh2 Qxa6 33. Qf2 Qb6 34. Nf5
Kh7 35. Qg3 Qb7 36. Kg1 a5 37. Kh2 a4 38. Kg1 Ne4 39. Qe5 Qf7 40. Kh2 Nf6 41.
Nd4 Qb7 42. Qf5+ Kh8 43. Nf3 Qxb2 44. Qc8+ Kh7 45. Qf5+ Kh8 46. Qc8+ Kh7 47.
Qf5+ 1/2-1/2

[Event "European Blitz 2016"]
[Site "Tallinn EST"]
[Date "2016.12.18"]
[Round "21.4"]
[White "Saric, Ivan"]
[Black "Bologan, Victor"]
[Result "1/2-1/2"]
[WhiteTitle "GM"]
[BlackTitle "GM"]
[WhiteElo "2652"]
[BlackElo "2640"]
[WhiteFideId "14508150"]
[BlackFideId "13900048"]
[EventDate "2016.12.17"]

1. e4 c5 2. Nf3 d6 3. g3 Nf6 4. d3 g6 5. Bg2 Bg7 6. O-O O-O 7. c3 e5 8. Re1 Nc6
9. a3 h6 10. b4 a6 11. Nbd2 Be6 12. Nb3 b6 13. Bd2 c4 14. dxc4 Bxc4 15. Be3 Nxe4
16. Nfd2 Bxb3 17. Qxb3 Nxd2 18. Bxd2 Qc7 19. Be3 Rac8 20. Rac1 b5 21. a4 Ne7 22.
Red1 Nf5 23. Bd2 Rfe8 24. axb5 axb5 25. Qd5 Rb8 26. Bf1 e4 27. Bf4 e3 28. fxe3
Nxe3 29. Qxd6 Qxd6 30. Rxd6 g5 31. Bxe3 Rxe3 32. Rd3 Rxd3 33. Bxd3 Rc8 34. Bxb5
Rxc3 35. Rxc3 Bxc3 1/2-1/2

[Event "European Blitz 2016"]
[Site "Tallinn EST"]
[Date "2016.12.18"]
[Round "21.5"]
[White "Alekseev, Evgeny"]
[Black "Ponkratov, Pavel"]
[Result "0-1"]
[WhiteTitle "GM"]
[BlackTitle "GM"]
[WhiteElo "2632"]
[BlackElo "2607"]
[WhiteFideId "4138147"]
[BlackFideId "4157800"]
[EventDate "2016.12.17"]

1. Nf3 Nf6 2. c4 g6 3. Nc3 Bg7 4. g3 O-O 5. Bg2 d5 6. cxd5 Nxd5 7. O-O c5 8. Qb3
Nb6 9. d3 Nc6 10. Be3 Nd4 11. Qd1 Bg4 12. Nd2 Qd7 13. Rc1 Rac8 14. Re1 Nf5 15.
Nf1 Nxe3 16. Nxe3 Be6 17. b3 f5 18. Nc4 Nd5 19. Nxd5 Bxd5 20. Bxd5+ Qxd5 21. a4
f4 22. Qc2 Kh8 23. Nd2 Bd4 24. Ne4 f3 25. exf3 Rxf3 26. Rcd1 Rcf8 27. Re2 b6 28.
Qc4 Qf5 29. Rf1 Qh3 30. Qa6 R3f5 0-1